00938nam a2200301 i 4500001001000000003000900010005001700019007000300036008004100039040003000080041000800110082001900118100003500137245004400172250002200216264003600238300002700274336002700301337003300328338002800361440003300389500002100422590002700443910000700470942001400477952012800491999001700619000023983DO-SdBNP20260113105215.0ta090710s1974 dr r 000 0 spa d aDO-SdBNPbspacBNPHUerda aspa axxxbG887c2221 aGrullón, Ruddyeautor91102810aCamino hacia la paz /cRuddy Grullón. aSegunda edición aSanto Domingo :bTaller,c1974. a59 páginas ;c21 cm. ardacontentbtexto2txt ardamediabsin mediación2n ardacarrierbvolumen2nc 1aBiblioteca Tallern28911029 aIncluye índice aInventariado 2026 / DG aDG 2ddccLBS1 00102ddc51708PDaBNPHUbBNPHUcCTd2011-01-18l0oBNPHU PD G887c p23983-10r2020-06-25w2020-06-25yLBS1ZNo se presta c23478d23478